000
00336pam a2200157a 44500
008
230515b2010 xxu||||| |||| 00| 0 eng d
020
_a
NULL
041
_a
MARATHI
082
_a
830 SHI
100
_a
DEEPAK SHIKARPUR
245
_a
NEW COMPUTER YUGA
250
_a
1
260
_a
NULL
_b
NA
_c
2010
300
_a
128
650
_a
NULL
999
_c
640955
_d
640955